Spices by Picture Quiz - Statistics

General Stats
  • This quiz has been taken 214 times
  • The average score is 9 of 15
Answer Stats
Picture Answer % Correct
Cinnamon
98%
Garlic
94%
Ginger
91%
Chilli Flakes
89%
Saffron
84%
Pepper
83%
Clove
75%
Turmeric
66%
Cumin
51%
Nutmeg
51%
Cardamom
41%
Coriander
37%
Vanilla
26%
Basil
17%
Ajwain
7%
No matching quizzes found
Score Distribution
Percent of People with Each Score
Percentile by Number Answered
Your Score History
You have not taken this quiz